00568 2200169 4500001002100000005001500021035002000036007000300056008003900059082000700098084001300105100001600118245017800134260004600312650002600358990001400384INLIS00000000000988120260413021958 a0010-0426000215ta260413 | | |  a81 a81 TUT e0 aTUTI RAHAYU1 aEFEKTIVITAS PENGELOLAAN KEARSIPAN PADA SUB BAGIAN UMUM PERLENGKAPAN DAN KEPEGAWAIAN DI KECAMATAN HANAU KABUPATEN SERUYAN PROVINSI KALIMANTAN TENGAH TAHUN 2025 /cTUTI RAHAYU aPALANGKA RAYA :bPERPUSTAKAAN UMPR,c2026 4aPENGELOLAAN KEARSIPAN a238101674